|
|
|
|
| LEADER |
01227nab a2200373 i 4500 |
| 001 |
publ33865 |
| 005 |
20240702092932.0 |
| 008 |
240702s2018 hu o 000 eng d |
| 022 |
|
|
|a 0740-3224
|
| 024 |
7 |
|
|a 10.1364/JOSAB.35.000A93
|2 doi
|
| 024 |
7 |
|
|a 30730834
|2 mtmt
|
| 040 |
|
|
|a SZTE Publicatio Repozitórium
|b hun
|
| 041 |
|
|
|a eng
|
| 100 |
1 |
|
|a Mondal Sudipta
|
| 245 |
1 |
0 |
|a Surface plasma attosource beamlines at ELI-ALPS
|h [elektronikus dokumentum] /
|c Mondal Sudipta
|
| 260 |
|
|
|c 2018
|
| 300 |
|
|
|a A93-A102
|
| 490 |
0 |
|
|a JOURNAL OF THE OPTICAL SOCIETY OF AMERICA B: OPTICAL PHYSICS
|v 35 No. 5
|
| 650 |
|
4 |
|a Fizikai tudományok
|
| 700 |
0 |
1 |
|a Shirozhan Mojtaba
|e aut
|
| 700 |
0 |
1 |
|a Ahmed Naveed
|e aut
|
| 700 |
0 |
1 |
|a Bocoum Maimouna
|e aut
|
| 700 |
0 |
1 |
|a Boehle Frederik
|e aut
|
| 700 |
0 |
1 |
|a Vernier Alien
|e aut
|
| 700 |
0 |
1 |
|a Haessler Stefan
|e aut
|
| 700 |
0 |
2 |
|a Lopez-Martens Rodrigo
|e aut
|
| 700 |
0 |
2 |
|a Sylla Francois
|e aut
|
| 700 |
0 |
2 |
|a Sire Cedric
|e aut
|
| 700 |
0 |
2 |
|a Quere Fabien
|e aut
|
| 700 |
0 |
2 |
|a Nelissen Kwinten
|e aut
|
| 700 |
0 |
2 |
|a Varjú Katalin
|e aut
|
| 700 |
0 |
2 |
|a Charalambidis Dimitris
|e aut
|
| 700 |
0 |
2 |
|a Kahaly Subhendu
|e aut
|
| 856 |
4 |
0 |
|u http://publicatio.bibl.u-szeged.hu/33865/1/30730834.pdf
|z Dokumentum-elérés
|